000 00637nam a2200265Ia 4500
005 20260121170654.0
008 008 260114s9999 xx 000 0 eng d
020 _a9783319905457
037 _aEBOOK
040 _aCRL
040 _beng
040 _cCRL
041 _2eng
041 _aeng
084 _qCRL
100 _aDirk Haller
_91066759
245 4 _aThe Gut Microbiome in Health and Disease
260 _bSpringer
260 _bSpringer
260 _c2018
856 _uhttps://link.springer.com/openurl?genre=book&isbn=978-3-319-90545-7
942 _cEBOOK
999 _c1632489
_d1632489